000 00256nam a2200109Ia 4500
008 190911s9999||||xx |||||||||||||| ||und||
100 _aSchild, Herbert
245 0 _aArtificial Intelligence using C
260 _aUSA
_bCRC
_c1987
300 _a412
942 _cBK
999 _c6683
_d6683